Počítačová grafika vo výtvarnom umení = Computer Graphics in Fine Art /

Guardado en:
Detalles Bibliográficos
Autores principales: Bartková, Zuzana (Autor, Compilador), Šperka, Martin, 1945- (Autor, Compilador)
Formato: Libro
Lenguaje:eslovaco
inglés
Publicado: Banská Bystrica : Štátna galéria, 1993
Edición:1. vydanie
Materias:
Etiquetas: Agregar Etiqueta
Sin Etiquetas, Sea el primero en etiquetar este registro!

MARC

LEADER 00000nam a22000003a 4500
001 0082762
003 SK-STU
005 20200807154808.9
007 ta
008 200807s ----xo-----e------000-0-----d
020 |a 80-900522-6-6 
040 |a STU  |b slo 
041 0 |a slo  |a eng 
044 |a xo 
100 1 |a Bartková, Zuzana  |4 com  |4 aut 
245 1 0 |a Počítačová grafika vo výtvarnom umení = Computer Graphics in Fine Art /  |c zost. Zuzana Bartková ; zost. Martin Šperka 
250 |a 1. vydanie 
260 |a Banská Bystrica :  |b Štátna galéria,  |c 1993 
300 |a nestr. 
650 0 7 |a počítačová grafika 
650 0 7 |a grafický dizajn 
650 0 7 |a výtvarné umenie 
650 0 7 |a vizuálne umenie 
650 0 7 |a výstava medzinárodná 
700 1 |a Šperka, Martin,  |d 1945-  |4 com  |4 aut  |X 1924  |7 1924 
996 |b 284AU08466  |c A* 11726/U  |l AAKNAR  |s A  |a 24  |w 0082762_0001